• 首页
  • 本馆介绍
  • 公告通知
  • 最新文献
  • 馆藏检索
  • 电子资源
  • 读者导购
  • 参考咨询
  • 我的图书馆
  • 登录
  • 详细信息显示
  • 放入我的书架
  • 预约/预借图书
  • 作者相关作品
  • 分类相关作品
  • 丛书相关作品
  • 出版社相关作品

书目信息

  • 表格格式
  • 工作单格式
  • 卡片格式
题名:
蛋白饮料生产技术手册
    
 
作者: 卢晓黎 , 李洲 主编
分册:  
出版信息: 北京   化学工业出版社  2018.03
页数: 179页
开本: 24cm
丛书名:
单 册:
中图分类: TS275.4-62
科图分类:
主题词: 植物蛋白饮料--生产工艺--技术手册
电子资源:
ISBN: 978-7-122-31467-3
000 00805nam0 2200229 450
001 4911
005 20181013152228.47
010    @a978-7-122-31467-3@b精装@dCNY80.00
100    @a20180412d2018 em y0chiy50 ea
101 0  @achi
102    @aCN@b110000
105    @aa zn 000yy
200 1  @a蛋白饮料生产技术手册@9dan bai yin liao sheng chan ji shu shou ce@f卢晓黎,李洲主编
210    @a北京@c化学工业出版社@d2018.03
215    @a179页@c图@d24cm
330    @a本书较系统地介绍了动物蛋白原料、植物蛋白原料、蛋白饮料生产共性技术、蛋白饮料生产工艺技术、蛋白饮料相关标准及法律风险等内容。
606 0  @a植物蛋白饮料@x生产工艺@j技术手册
690    @aTS275.4-62@v5
701  0 @a卢晓黎@9lu xiao li@4主编
701  0 @a李洲@9li zhou@4主编
801  0 @aCN@b91MARC@c20180412
905    @aMuseLib@dTS275.4-62@e296
    
    蛋白饮料生产技术手册/卢晓黎,李洲主编.-北京:化学工业出版社,2018.03
    179页:图;24cm
    
    
    ISBN 978-7-122-31467-3(精装):CNY80.00
    本书较系统地介绍了动物蛋白原料、植物蛋白原料、蛋白饮料生产共性技术、蛋白饮料生产工艺技术、蛋白饮料相关标准及法律风险等内容。
●
相关链接 在E读中查询图书 在五车中查询图书 在当当中查询图书 在豆瓣中查询图书


正题名:蛋白饮料生产技术手册     索取号:TS275.4-62/296         预约/预借

序号 登录号 条形码 馆藏地/架位号 状态 备注
1 1127207   211272077   第二样本阅览室/ [索取号:TS275.4-62/296] 在馆    
2 1127208   211272086   密集书库-生命科学系/ [索取号:TS275.4-62/296] 在馆    
3 1127209   211272095   第三借阅区/ [索取号:TS275.4-62/296] 在馆    
4 1127210   211272102   第三借阅区/ [索取号:TS275.4-62/296] 在馆    
5 1127211   211272111   第三借阅区/ [索取号:TS275.4-62/296] 在馆    
唐山师范学院图书馆 欢迎您!
大连网信软件有限公司© 版权所有